000 00467nam a2200181Ia 4500
001 2160
005 20260306143821.0
008 260306t2012||||xx |||||||||||||| ||spa||
041 _aESP
082 _a615.8515
_bR72
100 _aDa Rocha Medeiros, Maria Heloísa
_eAUT
245 0 _aTerapia ocupacional:
_bun enfoque epistemológico y social
260 _c2012
300 _a93 páginas :
_c25 cm.
650 _aGEN
654 _aCPS
942 _cLIB
_dJUS
_fJUS
_2ddc
_n
999 _c2160
_d2160